| 000 | 01285nam a2200373 i 4500 | ||
|---|---|---|---|
| 003 | CO-BoRNBP | ||
| 005 | 20220317002006.0 | ||
| 007 | ta | ||
| 008 | 210715s2012 ck 0 sbr 0 s fdspa d | ||
| 020 | _a9789588445809 | ||
| 040 |
_aCO-BoRNBP _bspa _erda _cCO-BoRNBP |
||
| 041 | 1 |
_aspa _hpor |
|
| 043 | _as-bl--- | ||
| 084 | _aN CAM5 | ||
| 100 | 1 |
_aCampos de Queirós, Bartolomeu _d1944-2012 _eautor |
|
| 245 | 1 | 3 |
_aEl ojo de vidrio de mi abuelo _cBartolomeu Campos de Queirós ; traducción Beatriz Peña Trujillo |
| 250 | _aSegunda edición | ||
| 264 | 1 |
_aBogotá _bBabel Libros _c2012 |
|
| 300 |
_a69 páginas _c18 cm |
||
| 336 |
_atexto _btxt _2rdacontent |
||
| 337 |
_asin mediación _bn _2rdamedia |
||
| 338 |
_avolumen _bnc _2rdacarrier |
||
| 490 | 0 |
_aFrontera _v7 |
|
| 521 | _aRecomendado para un público infantil mayor de 9 años | ||
| 534 | _tO olho de vidrio do meu avô | ||
| 545 | _aIncluye datos biográficos del autor en la solapa | ||
| 650 | 1 | 7 |
_aNovela infantil brasileña _ySiglo XX _2LEMB |
| 650 | 1 | 7 |
_aLiteratura infantil brasileña _ySiglo XX _2LEMB |
| 650 | 1 | 7 |
_aAutores brasileños _ySiglo XX _2LEMB |
| 650 | 1 | 7 |
_aAbuelos _vNovela _2LEMB |
| 650 | 1 | 7 |
_aCeguera _vNovela _2LEMB |
| 700 | 1 |
_aPeña Trujillo, Beatriz _etraductora _9111748 |
|
| 942 |
_2loc _cBKLIT |
||
| 999 |
_c8819 _d8819 |
||